Les années 30 reviennent et la gauche est dans le brouillard (notice n° 2094322)
[ vue normale ]
| 000 -LEADER | |
|---|---|
| fixed length control field | 00936cam a2200133 4500500 |
| 005 - DATE AND TIME OF LATEST TRANSACTION | |
| control field | 20260405010820.0 |
| 041 ## - LANGUAGE CODE | |
| Language code of text/sound track or separate title | fre |
| 042 ## - AUTHENTICATION CODE | |
| Authentication code | dc |
| 100 10 - MAIN ENTRY--PERSONAL NAME | |
| Personal name | Corcuff, Philippe |
| Relator term | author |
| 245 00 - TITLE STATEMENT | |
| Title | Les années 30 reviennent et la gauche est dans le brouillard |
| 260 ## - PUBLICATION, DISTRIBUTION, ETC. | |
| Name of publisher, distributor, etc. | Éditions Textuel,<br/> |
| Date of publication, distribution, etc. | 2019.<br/> |
| 520 ## - SUMMARY, ETC. | |
| Summary, etc. | «Un livre de combat qui assume son caractère pamphlétaire face au danger que ne se referment sur nous les promesses démocratiques.» Le Monde. Ce livre est à considérer comme un puissant coup de projecteur sur les tendances les plus régressives de l’air du temps. Hystérie islamophobe dans l’espace public et antisémitisme sanglant: Philippe Corcuff nous alerte quant au sombre écho des années 1930 qui résonne dans l’humeur idéologique actuelle. |
| 856 41 - ELECTRONIC LOCATION AND ACCESS | |
| Uniform Resource Identifier | <a href="https://shs.cairn.info/les-annees-30-reviennent-et-la-gauche-est-dans-le-brouillard--9782845975057?lang=fr&redirect-ssocas=7080">https://shs.cairn.info/les-annees-30-reviennent-et-la-gauche-est-dans-le-brouillard--9782845975057?lang=fr&redirect-ssocas=7080</a> |
Pas d'exemplaire disponible.




Réseaux sociaux